Guía completa de fotografía digital.

Guardat en:
Dades bibliogràfiques
Autor principal: Freeman, Michael (autor)
Altres autors: Rosés Martínez, Francisco (traductor)
Format: Llibre
Publicat: Barcelona, España: Blume, 2012.
Edició:5a. edición revisada y actualizada.
Matèries:
Etiquetes: Afegir etiqueta
Sense etiquetes, Sigues el primer a etiquetar aquest registre!

MARC

LEADER 00000nam a22000007a 4500
003 CL-VaPUC
005 20250407202435.0
008 250304t2012 ||||| |||| 00| 0 eng d
999 |c 447082  |d 447080 
020 |a 978-84-15317-05-0 
040 |c Pontificia Universidad Católica de Valparaíso 
082 |a 775 FRE 2012 
100 |9 489867  |a Freeman, Michael  |e autor 
245 |a Guía completa de fotografía digital. 
250 |a 5a. edición revisada y actualizada. 
260 |a Barcelona, España:  |b Blume,  |c 2012. 
300 |a 224 páginas:  |b fotografías. 
500 |a c.1-c.2. Instituto Arcos.08-01-2025. 
583 |c 20250304  |k Gabriela Rodríguez Cuevas 
650 0 |9 268495  |a Fotografía  |x Técnicas digitales  
650 0 |9 268495  |a Fotografía  |x Equipos y accesorios 
650 0 |9 316062  |a Procesamiento de imágenes   |v Manuales 
700 |9 896279  |a Rosés Martínez, Francisco  |e traductor 
942 |2 ddc  |c BK  |n 0 
952 |0 0  |1 0  |2 ddc  |4 0  |6 775_000000000000000_FRE_2012  |7 0  |8 A  |9 600532  |a BIBINC  |b BIBINC  |d 2025-03-04  |e Instituto Arcos  |i 5665393  |o 775 FRE 2012  |p 5665393  |r 2025-03-04  |t 1  |w 2025-03-04  |y BK  |k IFP 
952 |0 0  |1 0  |2 ddc  |4 0  |6 775_000000000000000_FRE_2012  |7 0  |8 A  |9 600533  |a BIBINC  |b BIBINC  |d 2025-03-04  |e Instituto Arcos  |i 5665394  |o 775 FRE 2012  |p 5665394  |r 2025-03-04  |t 2  |w 2025-03-04  |y BK  |k IFP